书目信息 |
| 题名: |
中华人民共和国第一机械工业部部标准
|
|
| 作者: | ;中华人民共和国第一机械工业部 发布 | |
| 分册: | 光学分度头(JB2219-78) | |
| 出版信息: | 北京 技术标准出版社 1978 |
|
| 页数: | 11页 | |
| 开本: | 20cm | |
| 丛书名: | ||
| 单 册: | ||
| 中图分类: | TH741.2-65 | |
| 科图分类: | ||
| 主题词: | 光学仪器 | |
| 电子资源: | ||
| ISBN: | ||
| 000 | 00813nam0 2200193 450 | |
| 001 | 0762722727 | |
| 005 | 20071003172755.01 | |
| 010 | @dCNY0.05 | |
| 100 | @a20071003d1978 km y0chiy0120 ea | |
| 101 | 0 | @achi |
| 200 | 1 | @a中华人民共和国第一机械工业部部标准@Azhong hua ren min gong he guo di yi ji xie gong ye bu bu biao zhun@i光学分度头(JB2219-78)@f中华人民共和国第一机械工业部发布@Fzhong hua ren min gong he guo di yi ji xie gong ye bu fa bu |
| 210 | @a北京@c技术标准出版社@d1978 | |
| 215 | @a11页@d20cm | |
| 517 | 1 | @a光学分度头(JB2219-78)@Aguang xue fen du tou(JB2219-78) |
| 606 | 0 | @a光学仪器 |
| 690 | @aTH741.2-65@v4 | |
| 711 | 02 | @a中华人民共和国第一机械工业部@Azhong hua ren min gong he guo di yi ji xie gong ye bu@4发布 |
| 801 | 0 | @aCN@b大连网信软件有限公司图书馆·11@c20071003 |
| 905 | @aZUCC@dTH741.2-65@e54 | |
| 中华人民共和国第一机械工业部部标准.光学分度头(JB2219-78)/中华人民共和国第一机械工业部发布.-北京:技术标准出版社,1978 |
| 11页;20cm |
| ISBN :CNY0.05 |
| ● |
| 相关链接 |
|
|
|
|
正题名:中华人民共和国第一机械工业部部标准
索取号:TH741.2-65/54
 
预约/预借
| 序号 | 登录号 | 条形码 | 馆藏地/架位号 | 状态 | 备注 |
| 1 | 0007567 | 202285749 | 密集书库/ [索取号:TH741.2-65/54] | 在馆 |